000 01015nam a2200361 a 4500
003 AR-BaBNM
005 20251128210047.0
008 082120s2002 ||||||||||||||000 | spa||
020 _a987-9334-02-7
040 _cAR-BaBNM
245 0 0 _aLa Argentina que viene
_banálisis y propuestas para una sociedad en transición
250 _a1ª ed.
260 _aBuenos Aires
_bGrupo Editorial Norma
_bFLACSO
_bUNICEF
_c1998
300 _a401 p.
_btablas
504 _aCada trabajo contiene bibliografía para consultar
650 4 _aHISTORIA
650 4 _aPOLITICA
650 4 _aINTEGRACION SOCIAL
650 4 _aSOCIOLOGIA URBANA
650 4 _aSOCIOLOGIA POLITICA
650 4 _aSIGLO VEINTE
650 4 _aSIGLO VEINTIUNO
650 4 _aSALUD
650 4 _aESTADO
650 4 _aPODERES DEL ESTADO
650 4 _aDESCENTRALIZACION
650 4 _aSOCIOLOGIA
651 4 _aArgentina
700 1 _aIsuani, Aldo
_ecompilador
700 1 _aFilmus, Daniel
_ecompilador
942 _cBK
998 _cMariana
999 _c13851
_d13851